000 00686nam a2200181Ia 4500
008 090124s9999 xx 000 0 und d
082 _b100145
100 _aधामणस्कर बा.वि. (बाळकृष्ण वि.)
245 _a कामसेन - रसिका नाटक
250 _a7
260 _c1914
300 _a70
600 _aधामणस्कर बा.वि. (बाळकृष्ण वि.)
630 _a कामसेन - रसिका नाटक
700 _aधामणस्कर बा.वि. (बाळकृष्ण वि.)
730 _a कामसेन - रसिका नाटक
942 _cBOOK
999 _c146226
_d146226